000
00289nam a22001337a 4500
008
171024b xxu||||| |||| 00| 0 eng d
020
_a
9780130107978
041
_a
eng
080
_a
311
100
_a
55
101
_a
STA
245
_a
ELEMENTARY STATISTICS
_c
LARSON,R
942
_2
udc
_c
BK
999
_c
35798
_d
35798